| 000 | 00646cab a2200241 4500 | ||
|---|---|---|---|
| 001 | WB3447-20 | ||
| 008 | 090401t1998 xxu||||| |||| 00| 0 eng d | ||
| 035 | _a(Sirsi) u90262 | ||
| 041 | _aeng | ||
| 245 | _aPolitics and the plough | ||
| 260 | _c1998 | ||
| 350 | _a0 | ||
| 490 |
_aFinancial Times _v11 December 1998, 28(1) |
||
| 520 | _aProvides an global overview of agricultural land values and how politics can influence land prices. | ||
| 650 | _aAGRICULTURAL LAND PRICES | ||
| 650 | _aEU | ||
| 650 | _aFARMLAND VALUES | ||
| 650 | _aMARKET VALUES | ||
| 650 | _aPOLITICS | ||
| 690 | _aLAND | ||
| 942 | _n0 | ||
| 948 | _c11/12/1998 | ||
| 999 |
_c57203 _d57203 |
||